Real exchange rate targeting under capital controls. Can money provide a nominal anchor?

Analýza otázky, či peňažná zásoba môže slúžiť ako nominálna kotva pre úroveň domácich cien. Ak existuje dokonalá izolácia medzi oficiálnym a neoficiálnym valutovým trhom, možno výšku domácej inflácie stabilizovať, ale iba za cenu zväčšenia rozdielu medzi oficiálnym a neoficiálnym kurzom. Ak izolácia...

Ausführliche Beschreibung

Gespeichert in:
Bibliographische Detailangaben
1. Verfasser: Montiel, P.J
Weitere Verfasser: Ostry, J.D
Format: Buchkapitel
Sprache:Englisch
Schlagworte:
Tags: Tag hinzufügen
Keine Tags, Fügen Sie das erste Tag hinzu!

MARC

LEADER 00000naa a2200000 4500
001 r009161
005 20220913122256.1
041 0 |a eng 
044 |a US 
245 1 0 |a Real exchange rate targeting under capital controls.  |b Can money provide a nominal anchor?  |c P.J. Montiel, J.D. Ostry 
520 |a Analýza otázky, či peňažná zásoba môže slúžiť ako nominálna kotva pre úroveň domácich cien. Ak existuje dokonalá izolácia medzi oficiálnym a neoficiálnym valutovým trhom, možno výšku domácej inflácie stabilizovať, ale iba za cenu zväčšenia rozdielu medzi oficiálnym a neoficiálnym kurzom. Ak izolácia neexistuje, infláciu stabilizovať nijako nemožno. 
610 2 0 |a kurz výmenný 
610 2 0 |a kurz devízový 
610 2 0 |a kapitál 
610 2 0 |a peniaze 
610 2 0 |a ceny 
610 2 0 |a trh finančný 
610 2 0 |a trh devízový 
610 2 0 |a inflácia 
100 1 |a Montiel, P.J. 
700 1 |a Ostry, J.D.